000
00338nam a2200169Ia 4500
100
_a
Buduma/Nikhil
650
_a
deep learning
942
_c
BK
366
_f
20
654
_a
deep learning
245
_a
Fundamentals of Deep learning
260
_b
SPD
_c
2017
082
_b
BUD
300
_a
283
546
_a
ENGLISH
999
_c
26937
_d
26937